000
00293nam a2200133Ia 4500
100
_a
Lipschutz/Scymour
942
_c
BK
654
_a
Probablity
245
_a
Theory & Problems Of Probablity
260
_b
McGraw Hill
_a
NEWYORK
_c
1968
082
_a
519.2
300
_a
153
546
_a
ENGLISH
999
_c
17926
_d
17926